000 01005nam a2200301Ia 4500
003 OSt
005 20221006160351.0
006 a|||||r|||| 00| 0
007 ta
008 221006b |||||||| |||| 00| 0 eng d
020 _a9780857930286
_c£150.00
024 _a45,061
037 _b125/2013-14, 14/03/2014, Pioneer Book Distributor
_cTextual
040 _aEASL
_cEASL
_beng
041 _2eng
_aeng
082 _aX:958.49B.P10, Q3
100 _aIzuhara Misa Ed.
_9673074
245 0 _aHandbook on East Asian social policy
260 _aCheltenham
_bEdward Elgar Publication
_c2013
300 _a532p.
_ccm.
490 _v Oth
650 _a Demography - Economy - Social Policy
_9673075
650 _a Gen
650 _a Research and Society
_9673076
650 _aWelfare States - East Asia - Origin and Development
_9673077
942 _hX:958.49B.P10, Q3
_cTEXL
_2CC
999 _c1113153
_d1113153